000 00720nam a2200205 4500
005 20240530110346.0
008 141204s1995 ua bf frb 000 0 ara d
040 _aEG-CaGPL
041 _aara
082 0 4 _221
_a962.3\
_bص ن
100 0 _aصديقى ربيع
245 1 _aالنوبة الجديدة /
_cصديقى ربيع
260 _aالقاهرة :
_bالدار القومية للطباعة والنشر
_c[ 199؟ ]
300 _a110 ص ؛
_c16 سم
504 _aببليوجرافية : ص107
651 0 4 _aمصر ( النوبة )
_xتاريخ
_yالعصر الحديث
651 0 4 _aالنوبة
_xتاريخ
651 0 4 _aالنوبة
_xتاريخ
_xالاحوال الاجتماعية
942 _2ddc
_cBK
999 _c59977
_d59977